000 00562nam a22001577a 4500
003 OSt
005 20151101102750.0
008 151101b xxu||||| |||| 00| 0 eng d
040 _cRUA
082 _aFOR ទូច 1990 B115 Or.1
100 _93121
_aទូច, ប៊ុនធៀង
245 _aគំរោងបែបបទបច្ចេកទេសអាជីវកម្មប្រចាំឆ្នាំ១៩៩០នៅខេត្តមណ្ឌលគីរី
260 _aPhnom Penh
_bRUA
_c1990
300 _a59p.
_bill.
_c29cm.
942 _2ddc
_cFOR
999 _c2911
_d2911